<?xml version="1.0" encoding="UTF-8"?>
<record
    xmlns:xsi="http://www.w3.org/2001/XMLSchema-instance"
    xsi:schemaLocation="http://www.loc.gov/MARC21/slim http://www.loc.gov/standards/marcxml/schema/MARC21slim.xsd"
    xmlns="http://www.loc.gov/MARC21/slim">

  <leader>03801nam a2200517Ia 4500</leader>
  <controlfield tag="001">1542</controlfield>
  <controlfield tag="008">241029s9999    xx            000 0 und d</controlfield>
  <datafield tag="010" ind1=" " ind2=" ">
    <subfield code="a">1439</subfield>
  </datafield>
  <datafield tag="041" ind1=" " ind2=" ">
    <subfield code="a">Espa&#xF1;ol</subfield>
  </datafield>
  <datafield tag="082" ind1=" " ind2=" ">
    <subfield code="a">MAED 2000-08</subfield>
  </datafield>
  <datafield tag="245" ind1=" " ind2="0">
    <subfield code="a">Percepci&#xF3;n de los Docentes, Padres, Madres y Comunidad respecto a la acci&#xF3;n de supervisi&#xF3;n educativa en los Centros de B&#xE1;sica del Distrito Educativo 14-01 de Nagua</subfield>
  </datafield>
  <datafield tag="260" ind1=" " ind2=" ">
    <subfield code="a">Mar&#xED;a Trinidad S&#xE1;nchez</subfield>
  </datafield>
  <datafield tag="300" ind1=" " ind2=" ">
    <subfield code="a">99</subfield>
  </datafield>
  <datafield tag="520" ind1=" " ind2=" ">
    <subfield code="a">36</subfield>
  </datafield>
  <datafield tag="630" ind1=" " ind2=" ">
    <subfield code="a">Administraci&#xF3;n Escolar</subfield>
  </datafield>
  <datafield tag="650" ind1=" " ind2=" ">
    <subfield code="a">Administraci&#xF3;n de la Educaci&#xF3;n</subfield>
  </datafield>
  <datafield tag="690" ind1=" " ind2=" ">
    <subfield code="a">Sintetizado</subfield>
  </datafield>
  <datafield tag="700" ind1=" " ind2=" ">
    <subfield code="e">asesor</subfield>
    <subfield code="a">No, Aplica</subfield>
  </datafield>
  <datafield tag="700" ind1=" " ind2=" ">
    <subfield code="e">autor</subfield>
    <subfield code="a">Capell&#xE1;n Hiciano, Dolores</subfield>
  </datafield>
  <datafield tag="901" ind1=" " ind2=" ">
    <subfield code="a">{"1":"Capell&#xE1;n Hiciano"}</subfield>
    <subfield code="b">{"1":"Dolores"}</subfield>
  </datafield>
  <datafield tag="902" ind1=" " ind2=" ">
    <subfield code="a">1</subfield>
  </datafield>
  <datafield tag="903" ind1=" " ind2=" ">
    <subfield code="a">{"1":"No"}</subfield>
    <subfield code="b">{"1":"Aplica"}</subfield>
  </datafield>
  <datafield tag="904" ind1=" " ind2=" ">
    <subfield code="a">Maestr&#xED;a en</subfield>
  </datafield>
  <datafield tag="905" ind1=" " ind2=" ">
    <subfield code="a">Administraci&#xF3;n de la Educaci&#xF3;n</subfield>
  </datafield>
  <datafield tag="906" ind1=" " ind2=" ">
    <subfield code="a">2</subfield>
  </datafield>
  <datafield tag="907" ind1=" " ind2=" ">
    <subfield code="a">NO APLICA</subfield>
  </datafield>
  <datafield tag="908" ind1=" " ind2=" ">
    <subfield code="a">NO APLICA</subfield>
  </datafield>
  <datafield tag="909" ind1=" " ind2=" ">
    <subfield code="a">Pontificia Universidad Cat&#xF3;lica Madre y Maestra (PUCMM), Recinto Santiago</subfield>
  </datafield>
  <datafield tag="910" ind1=" " ind2=" ">
    <subfield code="a">NULL</subfield>
    <subfield code="b">NULL</subfield>
  </datafield>
  <datafield tag="911" ind1=" " ind2=" ">
    <subfield code="a">["1"]</subfield>
  </datafield>
  <datafield tag="912" ind1=" " ind2=" ">
    <subfield code="a">NO APLICA</subfield>
  </datafield>
  <datafield tag="913" ind1=" " ind2=" ">
    <subfield code="a">NULL</subfield>
  </datafield>
  <datafield tag="914" ind1=" " ind2=" ">
    <subfield code="a">01 de Febrero de 2000</subfield>
  </datafield>
  <datafield tag="915" ind1=" " ind2=" ">
    <subfield code="a">02/10/14 10:10</subfield>
  </datafield>
  <datafield tag="916" ind1=" " ind2=" ">
    <subfield code="a">NULL</subfield>
  </datafield>
  <datafield tag="917" ind1=" " ind2=" ">
    <subfield code="a">NULL</subfield>
  </datafield>
  <datafield tag="918" ind1=" " ind2=" ">
    <subfield code="a">NO APLICA</subfield>
  </datafield>
  <datafield tag="919" ind1=" " ind2=" ">
    <subfield code="a">["11"]</subfield>
  </datafield>
  <datafield tag="520" ind1=" " ind2=" ">
    <subfield code="a">Este estudio es descriptivo-transaccional. El Distrito 14-01 est&#xE1; constituido por 25 Centros Educativos. El universo estuvo formado por 416 docentes que laboran en el Nivel B&#xE1;sico del sector p&#xFA;blico del citado Distrito, tanto en la zona urbana como en la rural y en escuelas donde el director no est&#xE1; involucrado en impartir docencia.Cada Centro cuenta con una Asociaci&#xF3;n de Padres, Madres y Amigos de la Escuela, de cada una se seleccion&#xF3; el presidente, el secretario y el tesorero como parte del universo. El 98% de los maestros(as) tienen t&#xED;tulo docente, el 71% es de sexo femenino y la experiencia laboral tanto en el magisterio como en la organizaci&#xF3;n comunitaria es de m&#xE1;s de 5 a&#xF1;os.Hoy en d&#xED;a, la supervisi&#xF3;n se orienta al mejoramiento del proceso ense&#xF1;anza-aprendizaje, ayuda a crear condiciones para que se alcancen los objetivos propuestos, tomando en cuenta al docente, al alumno, el ambiente escolar y la comunidad en sentido general.Antiguamente la supervisi&#xF3;n era vista como una actividad fiscalizadora y de control, a partir del Plan Decenal de Educaci&#xF3;n se han implementado programas tendentes a mejorar el Sistema Educativo Nacional, por tanto, es necesario verificar si estos programas permitieron cambios en la percepci&#xF3;n y actitud de los docentes en torno a la supervisi&#xF3;n. Hasta 1996 la supervisi&#xF3;n se hac&#xED;a con un enfoque fiscalizador, dedic&#xE1;ndose hasta un 80% en tareas administrativas y no en actividades acad&#xE9;micas, pero con una inclinaci&#xF3;n hacia la necesidad de mejorar la labor de los maestros(as), en este sentido, se crearon disposiciones legales cuya tarea principal era la de planificar y coordinar la supervisi&#xF3;n para los Centros Educativos.Los maestros(as) y los representantes comunitarios (presidente, secretario y tesorero) tienen una percepci&#xF3;n medianamente favorable sobre la acci&#xF3;n de supervisi&#xF3;n. Los maestros(as) se sienten motivados para recibir cada d&#xED;a mayor capacitaci&#xF3;n en el aspecto metodol&#xF3;gico de la supervisi&#xF3;n. El personal docente del citado Distrito tiene una actitud ligeramente positiva hacia la acci&#xF3;n de supervisi&#xF3;n que reciben tanto del director(a) del Centro como de los Supervisores(as) Distritales, esto refleja que los docentes expresan sentimiento positivo (media 3.15). En el caso de los representantes comunitarios tienen una actitud altamente positiva hacia la supervisi&#xF3;n (media 4.74).</subfield>
  </datafield>
  <datafield tag="921" ind1=" " ind2=" ">
    <subfield code="a">11</subfield>
  </datafield>
  <datafield tag="922" ind1=" " ind2=" ">
    <subfield code="a">11</subfield>
  </datafield>
  <datafield tag="923" ind1=" " ind2=" ">
    <subfield code="a">0</subfield>
  </datafield>
  <datafield tag="924" ind1=" " ind2=" ">
    <subfield code="a">NO APLICA</subfield>
  </datafield>
  <datafield tag="942" ind1=" " ind2=" ">
    <subfield code="c">Tesis</subfield>
  </datafield>
  <datafield tag="999" ind1=" " ind2=" ">
    <subfield code="c">1439</subfield>
    <subfield code="d">1439</subfield>
  </datafield>
</record>
